| 000 | 00000cas 2200000za 4500 |
| 001 | 9.853854 |
| 003 | CaOODSP |
| 005 | 20260424090920 |
| 007 | cr ||||||||||| |
| 008 | 180319c20179999oncar p o s f0 a0eng|d |
| 022 | |a2563-5700 |
| 040 | |aCaOODSP|beng |
| 043 | |an-cn--- |
| 086 | 1 |aM2-19E-PDF |
| 245 | 00|a10 key facts on Canada's minerals sector |h[electronic resource]. |
| 246 | 3 |aTen key facts on Canada's minerals sector |
| 260 | |a[Ottawa] : |bNatural Resources Canada, |c2017- |
| 310 | |aAnnual |
| 362 | 1 |aBegan with 2017. |
| 500 | |aIssued also in French under title: 10 faits essentiels sur le secteur des minéraux au Canada. |
| 692 | 07|2gccst|aMining industry |
| 710 | 1 |aCanada. |bNatural Resources Canada. |
| 775 | 08|t10 faits sur le secteur des minéraux au Canada |w(CaOODSP)9.853868 |